| 000 | 00435 a2200157 4500 | ||
|---|---|---|---|
| 999 |
_c5943 _d5943 |
||
| 020 | _a0521666627 | ||
| 050 | _aQD 31.3 HAR 1998 | ||
| 100 |
_aHarwood, Richard _eauthor |
||
| 245 |
_aChemistry/ _cRichard Harwood |
||
| 250 | _aCambridge low price edition | ||
| 264 |
_aCambridge: _bCambridge University Press, _c1998 |
||
| 300 |
_a410p.: _bill.(col.) |
||
| 500 | _aincludes index | ||
| 650 | _achemistry | ||
| 942 |
_2lcc _cBK _h31.3 _iHAR _kQD |
||